Social Networks As a Tool for Job Search

Informačné technológie spôsobili absolútnu revolúciu. Z tohto dôvodu hľadanie práce prostredníctvom sociálnych sietí je zvýraznené, pretože je to perspektívny spôsob, ako si nájsť prácu. Na globálnej úrovni používa pri nábore pracovníkov sociálne siete viac ako 90% spoločností.

Gespeichert in:
Bibliographische Detailangaben
1. Verfasser: Lorincová, Silvia
Weitere Verfasser: Ližbetinová, Lenka, Brodský, Zdeněk
Format: Buchkapitel
Sprache:Englisch
Schlagworte:
Tags: Tag hinzufügen
Keine Tags, Fügen Sie das erste Tag hinzu!

MARC

LEADER 00000nla a2200000 4500
001 0242844
005 20240417075138.1
041 0 |a eng 
044 |a CZ 
245 1 0 |a Social Networks As a Tool for Job Search  |c Silvia Lorincová, Lenka Ližbetinová, Zdeněk Brodský 
520 |a Informačné technológie spôsobili absolútnu revolúciu. Z tohto dôvodu hľadanie práce prostredníctvom sociálnych sietí je zvýraznené, pretože je to perspektívny spôsob, ako si nájsť prácu. Na globálnej úrovni používa pri nábore pracovníkov sociálne siete viac ako 90% spoločností. 
610 2 0 |a zdroje ľudské 
610 2 0 |a manažment personálny 
610 2 0 |a nábor pracovníkov 
610 2 0 |a zamestnanci 
610 2 0 |a siete sociálne 
610 2 0 |a internet 
100 1 |a Lorincová, Silvia 
700 1 |a Ližbetinová, Lenka 
700 1 |a Brodský, Zdeněk